000
00502nam a2200181Ia 4500
008
090123s9999 xx 000 0 und d
082
_b
1214
100
_a
कर्वे इरावती
245
_a
युगान्त
250
_a
1
260
_b
देशमुख रा.ज.
300
_a
288
600
_a
कर्वे इरावती
630
_a
युगान्त
700
_a
कर्वे इरावती
730
_a
युगान्त
942
_c
BOOK
999
_c
39298
_d
39298